<?xml version="1.0" encoding="UTF-8"?>
<collection xmlns="http://www.loc.gov/MARC21/slim">
 <record>
  <leader>01441nam a22001817a 4500</leader>
  <controlfield tag="001">NCT_151412</controlfield>
  <controlfield tag="008">230606b        xxu||||| |||| 00| 0 vie d</controlfield>
  <datafield tag="999" ind1=" " ind2=" ">
   <subfield code="c">7830</subfield>
   <subfield code="d">7830</subfield>
  </datafield>
  <datafield tag="020" ind1=" " ind2=" ">
   <subfield code="a">9786045765463</subfield>
   <subfield code="c">68000</subfield>
  </datafield>
  <datafield tag="082" ind1="0" ind2="4">
   <subfield code="2">23rd ed.</subfield>
   <subfield code="a">342.597066</subfield>
   <subfield code="b">L504T</subfield>
  </datafield>
  <datafield tag="245" ind1="0" ind2="0">
   <subfield code="a">Luật tố tung hành chính (hiện hành) (sửa đổi, bổ sung năm 2019)</subfield>
  </datafield>
  <datafield tag="260" ind1=" " ind2=" ">
   <subfield code="a">H.</subfield>
   <subfield code="b">Chính trị Quốc gia</subfield>
   <subfield code="c">2021</subfield>
  </datafield>
  <datafield tag="300" ind1=" " ind2=" ">
   <subfield code="a">348 tr.</subfield>
   <subfield code="c">19cm</subfield>
  </datafield>
  <datafield tag="520" ind1="3" ind2=" ">
   <subfield code="a">Quyển sách Luật Tố tụng hành chính (hiện hành) (sửa đổi, bổ sung năm 2019) gồm 23 chương, 372 điều, quy định về những nguyên tắc cơ bản trong tố tụng hành chính; nhiệm vụ, quyền hạn và trách nhiệm của cơ quan tiến hành tố tụng, người tiến hành tố tụng; quyền và nghĩa vụ của người tham gia tố tụng, cơ quan, tổ chức, cá nhân có liên quan; trình tự, thủ tục khởi kiện, giải quyết vụ án hành chính, thi hành án hành chính và giải quyết khiếu nại, tố cáo trong tố tụng hành chính.</subfield>
  </datafield>
  <datafield tag="653" ind1=" " ind2=" ">
   <subfield code="a">Luật học</subfield>
  </datafield>
  <datafield tag="942" ind1=" " ind2=" ">
   <subfield code="2">ddc</subfield>
   <subfield code="c">BK</subfield>
  </datafield>
  <datafield tag="952" ind1=" " ind2=" ">
   <subfield code="0">0</subfield>
   <subfield code="1">0</subfield>
   <subfield code="2">ddc</subfield>
   <subfield code="4">0</subfield>
   <subfield code="6">342_597066000000000_L504T</subfield>
   <subfield code="7">0</subfield>
   <subfield code="9">27819</subfield>
   <subfield code="a">000001</subfield>
   <subfield code="b">000001</subfield>
   <subfield code="d">2023-06-06</subfield>
   <subfield code="o">342.597066 L504T</subfield>
   <subfield code="p">MD.21871</subfield>
   <subfield code="r">2023-06-06</subfield>
   <subfield code="v">68000.00</subfield>
   <subfield code="w">2023-06-06</subfield>
   <subfield code="y">BK</subfield>
  </datafield>
  <datafield tag="980" ind1=" " ind2=" ">
   <subfield code="a">Thư viện Trường Đại học Nam Cần Thơ</subfield>
  </datafield>
 </record>
</collection>
